000 00300nam a22001337a 4500
008 181012b xxu||||| |||| 00| 0 eng d
020 _a0721671136
041 _aeng
080 _a616.8
100 _a7
101 _aNEU
245 _aIntroduction to Basic Neurology
_cPatton,H.D
942 _2udc
_cBK
999 _c49470
_d49470